Las 11 leyes inmutables de la creación de marcas en Internet

Furkejuvvon:
Bibliográfalaš dieđut
Váldodahkkit: Ries, Al (Dahkki), Ries, Laura (Dahkki)
Materiálatiipa: Girji
Giella:espánnjágiella
Almmustuhtton: Barcelona Deusto 2006
Ráidu:Líderes del Management. Marketing
Fáttát:
Fáddágilkorat: Lasit fáddágilkoriid
Eai fáddágilkorat, Lasit vuosttaš fáddágilkora!

MARC

LEADER 00000nam a2200000 a 4500
001 UCG1992
003 CL-VaPUC
008 100531e20060000SP |||||||||||||||||spa|d
020 |a 8423423808 
082 0 4 |a 658.827  |b RIE  |2 21 
100 0 |a Ries, Al  |e author  |9 550162 
700 0 |a Ries, Laura  |e author  |9 550163 
245 1 4 |a Las 11 leyes inmutables de la creación de marcas en Internet 
300 |a 170 p 
942 |c BK 
945 |d 20100531 00:00:00  |a dcastane 
260 |a Barcelona  |b Deusto  |c 2006 
650 0 |a Marcas comerciales   |9 386702 
650 0 |a Planificación estratégica   |9 259735 
650 0 |a Internet   |9 254823 
650 0 |a Comercio electrónico  |9 428366 
583 |a last modification  |c 20100531 00:00:00  |k Rodrigo Vera 
490 0 |a Líderes del Management. Marketing 
999 |c 341235  |d 341233 
952 |0 0  |1 0  |4 0  |6 658_827000000000000_RIE_2006  |7 0  |8 A  |9 436604  |a BIBCUR  |b BIBCUR  |d 2019-11-22  |i 4683072  |o 658.827 RIE 2006  |p 4683072  |r 2025-04-22  |w 2019-11-22  |y BK  |k PER